000 00290nam a22000977a 4500
008 170130b xxu||||| |||| 00| 0 eng d
100 _aGraveson, Samuel
245 _aPenny postage centenary
260 _aLondon
_bThe Postal History Society
_c1940
650 _aGreat Britain | Postal History | 1840
999 _c2237
_d2237